Notes on office procedure. (Record no. 71666)

MARC details
000 -LEADER
fixed length control field 00688cam a22002411 4500
001 - CONTROL NUMBER
control field sa 66008129
003 - CONTROL NUMBER IDENTIFIER
control field DLC
005 - DATE AND TIME OF LATEST TRANSACTION
control field 20260227112310.0
008 - FIXED-LENGTH DATA ELEMENTS--GENERAL INFORMATION
fixed length control field 790510s1964 ii k 00000 eng
010 ## - LIBRARY OF CONGRESS CONTROL NUMBER
LC control number sa 66008129 //r863
043 ## - GEOGRAPHIC AREA CODE
Geographic area code a-ii---
050 0# - LIBRARY OF CONGRESS CALL NUMBER
Classification number JQ247
Item number .S36 1964
082 ## - DEWEY DECIMAL CLASSIFICATION NUMBER
Classification number 354/.54
110 20 - MAIN ENTRY--CORPORATE NAME
Corporate name or jurisdiction name as entry element Secretariat Training School (India)
245 10 - TITLE STATEMENT
Title Notes on office procedure.
250 ## - EDITION STATEMENT
Edition statement [2d ed.
260 1# - PUBLICATION, DISTRIBUTION, ETC.
Place of publication, distribution, etc. New Delhi]
Date of publication, distribution, etc. 1964.
300 ## - PHYSICAL DESCRIPTION
Extent ix, 384 p.
Other physical details forms.
Dimensions 25 cm.
500 ## - GENERAL NOTE
General note "For official use only."
500 ## - GENERAL NOTE
General note Errata slip inserted.
650 #0 - SUBJECT ADDED ENTRY--TOPICAL TERM
Topical term or geographic name entry element Civil service
Geographic subdivision India
General subdivision Handbooks, manuals, etc.
610 10 - SUBJECT ADDED ENTRY--CORPORATE NAME
Corporate name or jurisdiction name as entry element India.
Subordinate unit Parliament
General subdivision Rules and practice.

No items available.

Powered by Koha